Random Harry Potter name game #1 - Statistics

General Stats
  • This quiz has been taken 32 times
  • The average score is 14 of 15
Answer Stats
Hint Answer % Correct
Lestrange Bellatrix
100%
Diggory Cedric
100%
Chang Cho
100%
Delacour Fleur
100%
Skeeter Rita
100%
Hagrid Rubeus
100%
Pettigrew Peter
96%
Snape Severus
96%
Moody Alastor
93%
Tonks Nymphadora
93%
Lupin Remus
93%
Finnigan Seamus
89%
Thomas Dean
86%
Bell Katie
82%
Johnson Angelina
68%
No matching quizzes found
Score Distribution
Percent of People with Each Score
Percentile by Number Answered
Your Score History
You have not taken this quiz